[Event "Challenge"]
[Site "http://www.queenalice.com/game.php?id=1403254"]
[Date "2016.1.9"]
[Round "-"]
[White "Julsoulp2"]
[Black "Oliv"]
[Result "0-1"]
[WhiteElo "1226"]
[BlackElo "1462"]

1. d4 d5 2. c3 f6 3. Nf3 c6 4. g3 Nd7 5. g4 g5 6. e3 e5 7. dxe5 fxe5 8. e4 h6 9.
b4 Ngf6 10. h4 Nxg4 11. hxg5 dxe4 12. Nh2 Nxh2 13. Rxh2 c5 14. Ba3 Qxg5 15. Rg2
Qh4 16. Bc1 cxb4 17. Be3 bxc3 18. Nxc3 Bb4 19. Qb3 a5 20. O-O-O Rf8 21. Nd5 Nc5
22. Nc7+ Ke7 23. Nd5+ Ke8 24. Nc7+ Ke7 25. Nd5+ Ke8 26. Bb5+ Kf7 27. Qc4 Ba3+
28. Kc2 Ne6 29. Nb6 Rb8 30. Nd7 Bxd7 31. Rxd7+ Kf6 32. f4 Rbc8 33. fxe5+ Kxe5
34. Rd5+ Kf6 35. Bc5 Bxc5 36. Qf1+ Qf4 37. Qh1 Bb4+ 38. Kb3 e3 39. Qa1+ Rc3+ 40.
Qxc3+ Bxc3 41. Kxc3 Qe4 42. Rd1 Qxg2 43. Bf1 Rc8+ 44. Kb3 Qc2+ 45. Ka3 Rc3# 0-1

[Event "Challenge"]
[Site "http://www.queenalice.com/game.php?id=1404141"]
[Date "2016.1.13"]
[Round "-"]
[White "Oliv"]
[Black "Julsoulp2"]
[Result "1-0"]
[WhiteElo "1469"]
[BlackElo "1219"]

1. e4 e5 2. Nf3 d6 3. d4 f6 4. c3 c6 5. h3 b5 6. b4 Na6 7. Qb3 Nc7 8. Be3 a5 9.
g4 axb4 10. cxb4 Be6 11. Qc2 d5 12. a3 Bxb4+ 13. Bd2 Bd6 14. Qxc6+ Bd7 15. Qxd6
dxe4 16. Bb4 Ne6 17. dxe5 Rc8 18. Nc3 exf3 19. Bxb5 Kf7 20. Bxd7 Nh6 21. Qxe6+
Kg6 22. Nd5 Rc4 23. Bd2 Re4+ 24. Be3 Rxe5 25. Nf4+ Kg5 26. h4# 1-0

[Event "Challenge"]
[Site "http://www.queenalice.com/game.php?id=1404792"]
[Date "2016.1.17"]
[Round "-"]
[White "Julsoulp2"]
[Black "Oliv"]
[Result "0-1"]
[WhiteElo "1286"]
[BlackElo "1501"]

1. e4 e5 2. Bc4 Qf6 3. Nh3 h6 4. d3 Bc5 5. O-O d6 6. Nc3 c6 7. a3 Qg6 8. g3 Bxh3
9. Re1 Bg4 10. Ne2 Qf6 11. Rf1 Bh3 12. b4 Bb6 13. Be3 Ne7 14. f4 Bxe3+ 15. Kh1
O-O 16. Ng1 Bd7 17. fxe5 Qxe5 18. Nf3 Qh5 19. Qe2 Bb6 20. Rae1 Re8 21. Qd2 d5
22. Bb3 Bg4 23. Re3 Qh3 24. Rf2 Nf5 25. Ng1 Bxe3 26. Qxe3 Nxe3 27. Nxh3 Bxh3 28.
Ba4 Nd1 29. Rf4 g5 30. Rf6 Nd7 31. Rxh6 Bg4 32. b5 Kg7 33. Rd6 Rad8 34. bxc6
bxc6 35. Rxc6 dxe4 36. h3 Bxh3 37. c4 exd3 38. Bxd1 Re1+ 39. Kh2 g4 40. Rd6 Rxd1
41. c5 Rd2+ 42. Kg1 Re8 43. Re6 Rxe6 44. c6 Re1# 0-1

[Event "Challenge"]
[Site "http://www.queenalice.com/game.php?id=1405207"]
[Date "2016.1.20"]
[Round "-"]
[White "eduardocosta"]
[Black "Oliv"]
[Result "0-1"]
[WhiteElo "1726"]
[BlackElo "1517"]

1. e3 e5 2. Be2 c6 3. Nf3 Qf6 4. Nc3 Bc5 5. Ne4 Qe7 6. Nc3 Nf6 7. O-O d6 8. Na4
e4 9. Ne1 b5 10. Nxc5 dxc5 11. b3 Qe5 12. Rb1 h5 13. Bb2 Qg5 14. d3 Bh3 15. dxe4
O-O 16. Bf3 Nbd7 17. Qd3 Rad8 18. Qe2 Rfe8 19. Nd3 Nxe4 20. Nf4 Bf5 21. Nxh5
Ndf6 22. Nxf6+ gxf6 23. Rbd1 a6 24. c4 Rd6 25. Bxe4 Bxe4 26. f3 Rde6 27. fxe4
Rxe4 28. Rf3 Rxe3 29. Qf2 Qh5 30. Rxe3 Qxd1+ 31. Qf1 Qxf1+ 32. Kxf1 Rxe3 33.
Bxf6 Re6 34. Bh4 f5 35. Kf2 Re4 36. Bg5 bxc4 37. bxc4 Rxc4 38. a3 Re4 39. Be3 c4
40. Kf3 c3 41. h3 c2 42. g3 Rc4 43. g4 fxg4+ 44. hxg4 c1=Q 45. Bxc1 Rxc1 46. g5
Rd1 47. Kf4 c5 48. Kf5 c4 49. Kf6 c3 50. g6 c2 51. g7 c1=Q 52. Ke7 Qe3+ 53. Kf6
Rf1+ 54. Kg6 Qg3+ 55. Kh6 Rh1# 0-1

[Event "OS INCLIVEIS"]
[Site "http://www.queenalice.com/game.php?id=1407257"]
[Date "2016.2.1"]
[Round "-"]
[White "adelio"]
[Black "Oliv"]
[Result "0-1"]
[WhiteElo "1660"]
[BlackElo "1494"]

1. d4 d5 2. e4 dxe4 3. Nc3 f5 4. h4 g6 5. h5 Nf6 6. Be2 c6 7. hxg6 h6 8. Bh5 Bg7
9. Nh3 O-O 10. Ng5 hxg5 11. Bxg5 Nd5 12. Be2 Be6 13. Qd2 Qb6 14. Bh6 Qxb2 15.
Rb1 Qxc3 16. Bxg7 Qxd2+ 17. Kxd2 Kxg7 18. Rh7+ Kxg6 19. Rbh1 Nf6 20. Rxe7 Bxa2
21. Rxb7 Nbd7 22. Rb2 Be6 23. c4 Rab8 24. Ra2 Rb7 25. f3 Rb4 26. Rxa7 Rb2+ 27.
Ke3 Rfb8 28. fxe4 R8b3+ 29. Kf4 Rxe2 30. exf5+ Bxf5 31. Rxd7 Re4# 0-1

[Event "OS INCLIVES"]
[Site "http://www.queenalice.com/game.php?id=1407258"]
[Date "2016.2.1"]
[Round "-"]
[White "Oliv"]
[Black "adelio"]
[Result "0-1"]
[WhiteElo "1501"]
[BlackElo "1719"]

1. d4 d5 2. c3 e6 3. e3 Be7 4. f4 Nf6 5. h3 h5 6. Qd3 Ne4 7. Ne2 Bh4+ 8. Kd1
Nf2+ 9. Kd2 Nxd3 10. Kxd3 b6 11. Na3 Ba6+ 12. Kd2 Bf2 13. c4 dxc4 14. Nc3 c5 15.
Ke2 cxd4 16. Kxf2 dxc3 17. bxc3 Nc6 18. h4 e5 19. g3 e4 20. Kg2 Qd1 21. Bxc4
Qf3+ 22. Kh2 Qf2+ 23. Kh3 Bc8+ 24. Be6 Bxe6+ 25. f5 Bxf5+ 26. g4 hxg4# 0-1

[Event "Challenge"]
[Site "http://www.queenalice.com/game.php?id=1417201"]
[Date "2016.4.8"]
[Round "-"]
[White "Joao_Dias"]
[Black "Oliv"]
[Result "0-1"]
[WhiteElo "1690"]
[BlackElo "1595"]

1. e3 e5 2. d3 d6 3. h3 g6 4. a3 Nc6 5. b4 Qf6 6. e4 Be6 7. h4 d5 8. Bg5 Qg7 9.
Qf3 Nd4 10. Qd1 h6 11. Be3 O-O-O 12. Bxd4 exd4 13. g4 Nf6 14. f3 Bd6 15. Ne2 c5
16. b5 dxe4 17. dxe4 Bc4 18. Bg2 Bxb5 19. Nd2 Bxe2 20. Kxe2 Bf4 21. Kd3 Nd7 22.
Nc4 Ne5+ 23. Nxe5 Qxe5 24. Rb1 Qd6 25. Rb5 a6 26. Rb2 b5 27. Ke2 Qb6 0-1

[Event "Challenge"]
[Site "http://www.queenalice.com/game.php?id=1417856"]
[Date "2016.4.11"]
[Round "-"]
[White "Guilhermerocha"]
[Black "Oliv"]
[Result "0-1"]
[WhiteElo "1824"]
[BlackElo "1538"]

1. e4 e5 2. Bc4 Qf6 3. Nf3 Bc5 4. O-O d6 5. d3 h6 6. a3 Bg4 7. Nbd2 Nc6 8. h3 h5
9. hxg4 hxg4 10. Nh2 g3 11. Ng4 Qh4 12. Bxf7+ Kxf7 13. Qf3+ Nf6 0-1

[Event "Challenge"]
[Site "http://www.queenalice.com/game.php?id=1417857"]
[Date "2016.4.11"]
[Round "-"]
[White "Oliv"]
[Black "Guilhermerocha"]
[Result "0-1"]
[WhiteElo "1596"]
[BlackElo "1840"]

1. d4 c5 2. dxc5 Nc6 3. c3 e5 4. b4 a5 5. b5 Nce7 6. b6 Nf6 7. e3 g6 8. Qf3 d5
9. Qxf6 Rg8 10. Qxe5 Bg7 11. Qg5 Bf5 12. Na3 Bxc3+ 13. Bd2 Bxa1 14. Bb5+ Nc6 15.
Qh6 Rg7 16. Nf3 Bf6 17. h4 Kf8 18. Ng5 Bxg5 19. hxg5 f6 20. Bc3 Ne5 21. f4 Ng4
22. Qh4 Nxe3 23. Rh2 Rf7 24. gxf6 d4 25. Qh6+ Kg8 26. Nc4 dxc3 27. Nxe3 Qd2+ 28.
Kf1 Bd3+ 29. Bxd3 Qxd3+ 30. Kf2 Qd2+ 31. Kf3 Re8 32. f5 c2 33. Nxc2 Qxc2 34. g4
Qd3+ 35. Kf4 Qe3# 0-1

[Event "Challenge"]
[Site "http://www.queenalice.com/game.php?id=1418145"]
[Date "2016.4.13"]
[Round "-"]
[White "eduardocosta"]
[Black "Oliv"]
[Result "1-0"]
[WhiteElo "1687"]
[BlackElo "1548"]

1. e3 e5 2. Be2 c6 3. Nf3 e4 4. Nd4 Nf6 5. d3 d5 6. dxe4 dxe4 7. Nc3 Bb4 8. Bd2
c5 9. Nb3 a6 10. a3 Bxc3 11. Bxc3 Qxd1+ 12. Rxd1 O-O 13. Bxf6 gxf6 14. Nxc5 Nc6
15. Nxe4 Kg7 16. Bf3 1-0

[Event "Challenge"]
[Site "http://www.queenalice.com/game.php?id=1421225"]
[Date "2016.5.4"]
[Round "-"]
[White "BIGJACK"]
[Black "Oliv"]
[Result "1-0"]
[WhiteElo "1981"]
[BlackElo "1604"]

1. e4 e5 2. Nf3 Qf6 3. d3 Nc6 4. Bg5 Qe6 5. Be2 h6 6. Be3 Be7 7. Nc3 a6 8. Nd5
Qd6 9. a3 b6 10. d4 Bb7 11. c4 exd4 12. Nxd4 Nxd4 13. Bxd4 Bxd5 14. exd5 Qg6 15.
Bf3 O-O-O 16. O-O Bg5 17. b4 Ne7 18. Qb3 Nf5 19. Rad1 Bf4 20. Qd3 Qg5 21. Bc3 h5
22. Bd2 Nh4 23. Bxf4 Qxf4 24. Be2 Qg5 25. g3 Rhe8 26. f4 Qg6 27. Qxg6 fxg6 28.
Bd3 Nf5 29. Rfe1 Rxe1+ 30. Rxe1 d6 31. Bxf5+ gxf5 32. Re7 g6 33. Re6 Rg8 34. Kf2
Kd8 35. h4 Kd7 36. Kf3 Rg7 37. Ke3 c6 38. Kd4 a5 39. c5 bxc5+ 40. bxc5 dxc5+ 41.
Kxc5 cxd5 42. Kxd5 a4 43. Ra6 Re7 44. Ra7+ Ke8 45. Rxe7+ Kxe7 46. Kc5 Ke6 47.
Kb4 Kd5 48. Kxa4 Ke4 49. Kb4 Kf3 50. a4 Kxg3 51. a5 Kxh4 52. a6 Kg4 53. a7 h4
54. a8=Q Kxf4 55. Qg2 g5 56. Kc3 g4 57. Kd2 g3 58. Ke2 Kg4 59. Qf3+ Kg5 60. Kf1
f4 61. Kg2 Kf5 62. Qh5+ Ke4 63. Qxh4 Kf5 64. Kf3 Ke5 65. Qxf4+ Kd5 66. Kxg3 Kc5
67. Qd2 Kc4 68. Kf3 Kc5 69. Ke4 Kc6 70. Qd5+ Kc7 71. Qe6 Kd8 72. Kd5 Kc7 73.
Qd6+ Kc8 74. Qe7 Kb8 75. Kc6 Ka8 76. Qb7# 1-0

[Event "Challenge"]
[Site "http://www.queenalice.com/game.php?id=1428390"]
[Date "2016.6.21"]
[Round "-"]
[White "dejami"]
[Black "Oliv"]
[Result "0-1"]
[WhiteElo "1689"]
[BlackElo "1602"]

1. e4 e5 2. Bc4 Nf6 3. d3 h6 4. Nf3 d6 5. h3 c6 6. g4 b5 7. Bb3 Na6 8. a3 Qb6 9.
Be3 c5 10. Nc3 Be6 11. Bxe6 fxe6 12. b4 O-O-O 13. Ne2 g5 14. Ng3 Be7 15. c3 Rhf8
16. Nd2 Qc6 17. Qc1 c4 18. d4 d5 19. Nf3 Nxe4 20. Nxe4 Rxf3 21. Nd2 Rff8 22. Rf1
e4 23. Rh1 Bd6 24. h4 Bf4 25. hxg5 Bxg5 26. Bxg5 hxg5 27. Nf1 Rg8 28. Ng3 Qe8
29. Qe3 Qf7 30. O-O-O Nc7 31. Nh5 Ne8 32. Kd2 Ng7 33. Rdf1 Rdf8 34. Qg3 Ne8 35.
Qe3 Rg6 36. Ke2 Qg8 37. Qc1 Qf7 38. Rh3 Nf6 39. Nxf6 Rxf6 40. Rh2 Rf3 41. Ke1 e3
42. Qc2 Qf4 43. Rg2 Rh3 44. Qe2 exf2+ 45. Kd1 Rd3+ 46. Kc2 Re3 47. Qxf2 Qe4+ 48.
Kd1 Qd3+ 49. Kc1 Rxf2 50. Rgxf2 Qxc3+ 51. Rc2 Re1+ 52. Rxe1 Qxe1+ 53. Kb2 Qe4
54. Kc3 Qxg4 55. a4 bxa4 56. b5 Qf3+ 57. Kb2 a3+ 58. Kc1 Qb3 59. Kd2 a2 60. Rc3
Qb2+ 0-1

[Event "Challenge"]
[Site "http://www.queenalice.com/game.php?id=1436788"]
[Date "2016.8.18"]
[Round "-"]
[White "edemarc"]
[Black "Oliv"]
[Result "0-1"]
[WhiteElo "1456"]
[BlackElo "1593"]

1. e4 e5 2. Nf3 f6 3. Nc3 c6 4. h3 Bc5 5. d3 Qa5 6. Bd2 b5 7. a3 Qb6 8. a4 Bxf2+
9. Ke2 Ne7 10. a5 Qc5 11. b3 Bg3 12. b4 Qf2# 0-1

[Event "Challenge"]
[Site "http://www.queenalice.com/game.php?id=1451628"]
[Date "2016.11.24"]
[Round "-"]
[White "Oliv"]
[Black "BIGJACK"]
[Result "0-1"]
[WhiteElo "1632"]
[BlackElo "2008"]

1. d4 d5 2. e3 Nf6 3. Bd3 e6 4. c3 Bd6 5. h3 c5 6. Nf3 c4 7. Be2 Nc6 8. Qa4 Bd7
9. b4 Nxb4 10. Qd1 Nc6 11. Na3 a6 12. g4 Qa5 13. Nb1 Ne4 14. O-O Qc7 15. Ne5 f6
16. Nxd7 Kxd7 17. f4 g5 18. Ba3 Bxa3 19. Nxa3 Raf8 20. Rb1 Nxc3 21. Qc2 Nxb1 22.
Rxb1 gxf4 23. exf4 Nxd4 24. Qd2 Nxe2+ 25. Qxe2 Qc5+ 26. Qf2 Qxf2+ 27. Kxf2 b5
28. Re1 e5 29. f5 d4 30. Rd1 h5 31. Kg3 hxg4 32. hxg4 Rf7 33. Nc2 Rfh7 34. Ne1
Rh3+ 35. Kf2 Rh2+ 36. Ng2 R8h4 37. g5 fxg5 38. f6 Ke6 39. Kg1 Rh1+ 40. Kf2 Rxd1
41. Nxh4 gxh4 42. Ke2 Ra1 43. f7 Kxf7 0-1

[Event "Challenge"]
[Site "http://www.queenalice.com/game.php?id=1451631"]
[Date "2016.11.24"]
[Round "-"]
[White "Oliv"]
[Black "dejami"]
[Result "0-1"]
[WhiteElo "1630"]
[BlackElo "1749"]

1. d4 c6 2. b4 Qb6 3. c3 d5 4. e3 Nf6 5. f3 Bf5 6. Nd2 Nfd7 7. g4 Bg6 8. Nh3 f6
9. Nf4 Bf7 10. Rb1 a6 11. h4 e5 12. Nh3 Bd6 13. Qe2 Bg6 14. Rb2 Qc7 15. h5 Bf7
16. Qd3 b5 17. g5 Bxh5 18. gxf6 gxf6 19. Rg1 Nf8 20. Qf5 Qf7 21. f4 Nbd7 22.
fxe5 fxe5 23. Qxf7+ Kxf7 24. Ng5+ Ke8 25. Bh3 Nb6 26. Nf1 h6 27. Ne6 Nh7 28.
Ng7+ Ke7 29. Nxh5 Ng5 30. Bg4 Rag8 31. Rf2 Ne4 32. Rf5 Nxc3 33. Nf6 Rg6 34. dxe5
Bxb4 35. Bd2 Nxa2 36. Bxb4+ Nxb4 37. Nh2 Nc4 38. Nf3 Nxe3 39. Nh4 Rg7 40. Rf3
Nec2+ 41. Kd2 Nd4 42. Rf4 c5 43. Rc1 Nb3+ 44. Kc3 Nxc1 45. Nf5+ Kf7 46. Nxg7
Kxg7 47. Bh5 Ne2+ 0-1